| 000 | 00398nam a22001457a 4500 | ||
|---|---|---|---|
| 008 | 240911b |||||||| |||| 00| 0 eng d | ||
| 040 |
_aNational Science Library _cNational Science Library |
||
| 080 |
_aR 691(038)=00 _bJ8 |
||
| 100 | _aLaszlo, Palotas | ||
| 245 | _aEpitoanyagok | ||
| 260 |
_aBudapest: _c1958 |
||
| 300 | _a174p. | ||
| 490 |
_aMuszaki ertelmezo szotar _v1 |
||
| 942 |
_2udc _cREF |
||
| 999 |
_c66862 _d66862 |
||